Roanoke : (Record no. 1749)

MARC details
000 -LEADER
fixed length control field 01480cam a2200301 a 4500
005 - DATE AND TIME OF LATEST TRANSACTION
control field 20250826085634.0
020 ## - INTERNATIONAL STANDARD BOOK NUMBER
International Standard Book Number 0689823215
040 ## - CATALOGING SOURCE
Original cataloging agency DLC
Transcribing agency DLC
Modifying agency DLC
050 00 - LIBRARY OF CONGRESS CALL NUMBER
Classification number PZ7.Y78
Item number Rm 2003
082 00 - DEWEY DECIMAL CLASSIFICATION NUMBER
Classification number [Fic]
Edition number 21
100 1# - MAIN ENTRY--PERSONAL NAME
Personal name Yolen, Jane.
245 10 - TITLE STATEMENT
Title Roanoke :
Remainder of title the lost colony : an unsolved mystery from history /
Statement of responsibility, etc. by Jane Yolen and Heidi Elisabet Yolen Stemple ; illustrated by Roger Roth.
250 ## - EDITION STATEMENT
Edition statement First Scholastic printing, January 2007
260 ## - PUBLICATION, DISTRIBUTION, ETC.
Place of publication, distribution, etc. New York :
Name of publisher, distributor, etc. Scholastic,
Date of publication, distribution, etc. 2003
300 ## - PHYSICAL DESCRIPTION
Extent 34 unnumbered pages :
Other physical details color illustrations ;
Dimensions 27 cm
505 ## - FORMATTED CONTENTS NOTE
Formatted contents note O
520 ## - SUMMARY, ETC.
Summary, etc. In this spine-tingling book from the nonfiction An Unsolved Mystery from History picture book series, journey to colonial America and discover the enduring mystery of the missing Roanoke Colony. In 1587 John White was chosen by Sir Walter Raleigh to lead a new colony at Roanoke off the Atlantic coast. After bringing many men, women, and children to the new land, White went back to England to gather supplies for the long winter. But when he finally returned to the fort almost three years later, he found that all of the colonists had vanished.
521 ## - TARGET AUDIENCE NOTE
Target audience note 850 <br/>
Source Lexile
521 ## - TARGET AUDIENCE NOTE
Target audience note O <br/>
Source Raz-Plus
650 ## - SUBJECT ADDED ENTRY--TOPICAL TERM
Topical term or geographic name entry element Roanoke
650 ## - SUBJECT ADDED ENTRY--TOPICAL TERM
Topical term or geographic name entry element Colony
650 ## - SUBJECT ADDED ENTRY--TOPICAL TERM
Topical term or geographic name entry element North Carolina
700 1# - ADDED ENTRY--PERSONAL NAME
Personal name Stemple, Heidi E. Y.
Titles and other words associated with a name author
700 1# - ADDED ENTRY--PERSONAL NAME
Personal name Roth, Roger
Fuller form of name (Roger Almon),
Relator term illustrator
906 ## - LOCAL DATA ELEMENT F, LDF (RLIN)
a 7
b cbc
c orignew
d 1
e ocip
f 20
g y-gencatlg
942 ## - ADDED ENTRY ELEMENTS (KOHA)
Source of classification or shelving scheme Dewey Decimal Classification
Koha item type Books
Suppress in OPAC No
999 ## -
-- 1749
-- 1749
Holdings
Withdrawn status Lost status Source of classification or shelving scheme Damaged status Not for loan Collection Home library Current library Shelving location Date acquired Total Checkouts Full call number Barcode Date last seen Price effective from Koha item type
    Dewey Decimal Classification     Non-Fiction Footprints International School Library Network Toul Tom Poung Campus Footprints International School Library Network Toul Tom Poung Campus TTP Secondary Non-Fiction Bookshelves 09/28/2023   YOL 975.6 PZ7.Y78 FISTK05567 09/28/2023 09/28/2023 Books